Queering Asylum in Europe (Запис № 571324)

МАРК-запис
000 -LEADER
fixed length control field 05404nam a22007575i 4500
001 - CONTROL NUMBER
control field 978-3-030-69441-8
003 - CONTROL NUMBER IDENTIFIER
control field DE-He213
005 - DATE AND TIME OF LATEST TRANSACTION
control field 20260304123905.0
007 - PHYSICAL DESCRIPTION FIXED FIELD--GENERAL INFORMATION
fixed length control field cr nn 008mamaa
008 - FIXED-LENGTH DATA ELEMENTS--GENERAL INFORMATION
fixed length control field 210831s2021 sz | s |||| 0|eng d
020 ## - INTERNATIONAL STANDARD BOOK NUMBER
International Standard Book Number 9783030694418
-- 978-3-030-69441-8
024 7# - OTHER STANDARD IDENTIFIER
Standard number or code 10.1007/978-3-030-69441-8
Source of number or code doi
050 #4 - LIBRARY OF CONGRESS CALL NUMBER
Classification number JV6001-9480
050 #4 - LIBRARY OF CONGRESS CALL NUMBER
Classification number HB1951-2577
072 #7 - SUBJECT CATEGORY CODE
Subject category code JFFN
Source bicssc
072 #7 - SUBJECT CATEGORY CODE
Subject category code SOC007000
Source bisacsh
072 #7 - SUBJECT CATEGORY CODE
Subject category code JBFH
Source thema
072 #7 - SUBJECT CATEGORY CODE
Subject category code RGCG
Source thema
082 04 - DEWEY DECIMAL CLASSIFICATION NUMBER
Classification number 304.8
Edition number 23
100 1# - MAIN ENTRY--PERSONAL NAME
Personal name Danisi, Carmelo.
Relator term author.
Relator code aut
-- http://id.loc.gov/vocabulary/relators/aut
9 (RLIN) 23390
245 10 - TITLE STATEMENT
Title Queering Asylum in Europe
Medium [electronic resource] :
Remainder of title Legal and Social Experiences of Seeking International Protection on grounds of Sexual Orientation and Gender Identity /
Statement of responsibility, etc by Carmelo Danisi, Moira Dustin, Nuno Ferreira, Nina Held.
250 ## - EDITION STATEMENT
Edition statement 1st ed. 2021.
264 #1 -
-- Cham :
-- Springer International Publishing :
-- Imprint: Springer,
-- 2021.
300 ## - PHYSICAL DESCRIPTION
Extent XXII, 487 p. 14 illus.
Other physical details online resource.
336 ## -
-- text
-- txt
-- rdacontent
337 ## -
-- computer
-- c
-- rdamedia
338 ## -
-- online resource
-- cr
-- rdacarrier
341 0# -
-- Table of contents navigation
-- onix
341 0# -
-- Single logical reading order
-- onix
341 0# -
-- Short alternative textual descriptions
-- onix
341 0# -
-- Use of color is not sole means of conveying information
-- onix
341 0# -
-- Use of high contrast between text and background color
-- onix
341 0# -
-- Next / Previous structural navigation
-- onix
341 0# -
-- All non-decorative content supports reading without sight
-- onix
347 ## -
-- text file
-- PDF
-- rda
490 1# - SERIES STATEMENT
Series statement IMISCOE Research Series,
Міжнародний стандартний серійний номер для назви серії (ISSN) 2364-4095
505 0# - FORMATTED CONTENTS NOTE
Formatted contents note Part I: Contextualising SOGI asylum research -- Chapter 1. Why sexual orientation and gender identity asylum? -- Chapter 2. Researching SOGI asylum -- Chapter 3. A theoretical framework: A human rights reading of SOGI asylum based on feminist and queer studies -- Part II: The legal and social experiences of SOGI asylum claimants and refugees -- Chapter 4. The policy and guidance -- Chapter 5. Life in the countries of origin, departure and travel towards Europe -- Chapter 6. The decision-making procedure.
506 0# - RESTRICTIONS ON ACCESS NOTE
Terms governing access Open Access
520 ## - SUMMARY, ETC.
Summary, etc This open access book offers a theoretically and empirically-grounded portrayal of the experiences of people claiming international protection in Europe on the basis of their sexual orientation or gender identity (SOGI). It shows how European asylum systems might and should treat asylum claims based on people’s SOGI in a fairer, more humane way. Through a combined comparative, interdisciplinary (socio-legal), human rights, feminist, queer and intersectional approach, this book examines not only the legal experiences of people claiming asylum on grounds of their SOGI, but also their social experiences outside the asylum decision-making framework. The authors analyse how SOGI-related claims are adjudicated in different European frameworks (European Union, Council of Europe, Germany, Italy and UK) and offer detailed recommendations to adequately address the intersectional experiences of individuals seeking asylum. This unique approach ensures that the book is of interest not only to researchers in migration and refugee studies, law and wider academic communities, but also to policy makers and practitioners in the field of SOGI asylum.
532 8# -
-- Accessibility summary: This PDF does not fully comply with PDF/UA standards, but does feature limited screen reader support, described non-text content (images, graphs), bookmarks for easy navigation and searchable, selectable text. Users of assistive technologies may experience difficulty navigating or interpreting content in this document. We recognize the importance of accessibility, and we welcome queries about accessibility for any of our products. If you have a question or an access need, please get in touch with us at accessibilitysupport@springernature.com.
532 8# -
-- No reading system accessibility options actively disabled
532 8# -
-- Publisher contact for further accessibility information: accessibilitysupport@springernature.com
650 #0 - SUBJECT ADDED ENTRY--TOPICAL TERM
Topical term or geographic name as entry element Emigration and immigration.
9 (RLIN) 607
650 #0 - SUBJECT ADDED ENTRY--TOPICAL TERM
Topical term or geographic name as entry element Human rights.
650 #0 - SUBJECT ADDED ENTRY--TOPICAL TERM
Topical term or geographic name as entry element Emigration and immigration
General subdivision Government policy.
9 (RLIN) 608
650 #0 - SUBJECT ADDED ENTRY--TOPICAL TERM
Topical term or geographic name as entry element Sex.
9 (RLIN) 583
650 14 - SUBJECT ADDED ENTRY--TOPICAL TERM
Topical term or geographic name as entry element Human Migration.
9 (RLIN) 610
650 24 - SUBJECT ADDED ENTRY--TOPICAL TERM
Topical term or geographic name as entry element Human Rights.
650 24 - SUBJECT ADDED ENTRY--TOPICAL TERM
Topical term or geographic name as entry element Migration Policy.
9 (RLIN) 611
650 24 - SUBJECT ADDED ENTRY--TOPICAL TERM
Topical term or geographic name as entry element Gender Studies.
9 (RLIN) 590
700 1# - ADDED ENTRY--PERSONAL NAME
Personal name Dustin, Moira.
Relator term author.
Relator code aut
-- http://id.loc.gov/vocabulary/relators/aut
9 (RLIN) 23391
700 1# - ADDED ENTRY--PERSONAL NAME
Personal name Ferreira, Nuno.
Relator term author.
-- (orcid)0000-0002-7416-9074
-- https://orcid.org/0000-0002-7416-9074
Relator code aut
-- http://id.loc.gov/vocabulary/relators/aut
9 (RLIN) 23392
700 1# - ADDED ENTRY--PERSONAL NAME
Personal name Held, Nina.
Relator term author.
Relator code aut
-- http://id.loc.gov/vocabulary/relators/aut
9 (RLIN) 23393
710 2# - ADDED ENTRY--CORPORATE NAME
Corporate name or jurisdiction name as entry element SpringerLink (Online service)
773 0# - HOST ITEM ENTRY
Title Springer Nature eBook
776 08 - ADDITIONAL PHYSICAL FORM ENTRY
Display text Printed edition:
International Standard Book Number 9783030694401
776 08 - ADDITIONAL PHYSICAL FORM ENTRY
Display text Printed edition:
International Standard Book Number 9783030694425
776 08 - ADDITIONAL PHYSICAL FORM ENTRY
Display text Printed edition:
International Standard Book Number 9783030694432
830 #0 - SERIES ADDED ENTRY--UNIFORM TITLE
Uniform title IMISCOE Research Series,
-- 2364-4095
9 (RLIN) 615
856 40 - ELECTRONIC LOCATION AND ACCESS
Uniform Resource Identifier <a href="https://doi.org/10.1007/978-3-030-69441-8">https://doi.org/10.1007/978-3-030-69441-8</a>
912 ## -
-- ZDB-2-SLS
912 ## -
-- ZDB-2-SXS
912 ## -
-- ZDB-2-SOB

Немає доступних примірників.